Score 0/28 Timer 07:00
0 Plays Today
% Correct
Grease
96.7%
Titanic
95.3%
Beauty and the Beast
94.2%
Dirty Dancing
94%
Mrs. Doubtfire
93.1%
Black Swan
92.2%
Up
92%
Singin' in the Rain
88.2%
Bridesmaids
87.5%
The Breakfast Club
82.6%
Saturday Night Fever
82.2%
Chicago
81.9%
Pulp Fiction
81.7%
Borat: Cultural Learnings of America for Make Benefit Glorious Nation of Kazakhstan
80.9%
% Correct
Napoleon Dynamite
80.6%
Mary Poppins
80.2%
Footloose
78.2%
Slumdog Millionaire
75.4%
The King and I
74.1%
Jailhouse Rock
69.6%
Flashdance
67.6%
Pee Wee's Big Adventure
67.3%
Risky Business
66.2%
Little Miss Sunshine
65.1%
The Rocky Horror Picture Show
64.5%
10 Things I Hate About You
60.2%
West Side Story
59.7%
Young Frankenstein
47.7%
Remove Ads.
Support Sporcle.
Get the best of Sporcle when you Go Orange. This ad-free experience offers more features, more stats, and more fun while also helping to support Sporcle. Thank you for becoming a member.

You're not logged in!

Compare scores with friends on all Sporcle quizzes.
OR
Log In

Show Comments

Extras

Top Quizzes Today


Score Distribution

Your Account Isn't Verified!

In order to create a playlist on Sporcle, you need to verify the email address you used during registration. Go to your Sporcle Settings to finish the process.

Report this User

Report this user for behavior that violates our Community Guidelines.

Details: